| 000 -LEADER |
| fixed length control field |
00490cam a22001337a 4500 |
| 008 - FIXED-LENGTH DATA ELEMENTS--GENERAL INFORMATION |
| fixed length control field |
180718b1960 xxu||||| |||| 00| 0 eng d |
| 082 ## - DEWEY DECIMAL CLASSIFICATION NUMBER |
| Classification number |
B135x5412 A141e |
| 100 ## - MAIN ENTRY--PERSONAL NAME |
| Personal name |
Ali, Iashim Amir |
| 245 ## - TITLE STATEMENT |
| Title |
The Environs of Tagore: a preliminary assessment for a pilot project in regional survey and planning around the Visva-Bharti |
| Statement of responsibility, etc. |
by Iashim Amir Ali |
| 260 ## - PUBLICATION, DISTRIBUTION, ETC. |
| Place of publication, distribution, etc. |
Bombay |
| Name of publisher, distributor, etc. |
Asia |
| Date of publication, distribution, etc. |
1960 |
| 300 ## - PHYSICAL DESCRIPTION |
| Extent |
135+p. |
| 650 ## - SUBJECT ADDED ENTRY--TOPICAL TERM |
| Topical term or geographic name entry element |
Community Dev. - India (Bengal) |
| 650 ## - SUBJECT ADDED ENTRY--TOPICAL TERM |
| Topical term or geographic name entry element |
Sociology, Rural - India(Bengal) |